Beach Boys Trivia (For My Father) - Statistics

General Stats
  • This quiz has been taken 94 times
  • The average score is 19 of 30
Answer Stats
Level Questions Answers % Correct
Easy How many Wilson Brothers were there? 3
100%
Easy How many members were in the ORIGINAL member lineup of The Beach Boys were there? (Not including the replacement for the rhythm guitarist in 1962) 5
96%
Easy What was the name of The Beach Boys' 1988 hit featured in 'Cocktail'? Kokomo
88%
Medium Which Beach Boys album was considered their best? (Contains: Wouldn't It Be Nice, Sloop John B, God Only Knows etc.) Pet Sounds
88%
Medium How many of The Wilson Brothers are deceased? 2
87%
Easy Which Beach Boy was a cousin to The Wilson Brothers? Mike Love / Michael Love
85%
Easy Which Beach Boy was the youngest Wilson Brother? Carl Wilson
84%
Medium Which Beach Boy was responsible for writing the music for most of their hits? Brian Wilson
83%
Medium Which popular Beach Boys song did Paul McCartney of The Beatles say was "the greatest song ever written"? God Only Knows
83%
Easy Song lyric: Where does Brian Wilson like to go tell his secrets? His room / In My Room / My room / Brian's room / In his room
83%
Easy Which Beach Boy was married to Christine McVie of Fleetwood Mac? Dennis Wilson
79%
Medium Which Beach Boy was the original rhythm guitarist? Al Jardine
77%
Medium First name of The Wilson Brothers' father? Murry
71%
Medium Which Beach Boy joined The Beach Boys in 1965 and still tours with The Beach Boys today? Bruce Johnston
68%
Easy Which very popular 1980s-1990s dramatic comedy family series featured 'Forever' by The Beach Boys? Full House
66%
Easy Song lyric: What did Mike Love want you to tell the teacher? Hint: "You tell the teacher we're ______' ___" Surfin' USA
66%
Hard Which famous country singer toured with The Beach Boys for a few months in late 1964 and early 1965 when Brian Wilson quit touring with the band? Glen Campbell
65%
Easy Which 'Jan and Dean' #1 hit did Brian Wilson write? Surf City
63%
Hard Which Beach Boy of age 14 replaced the rhythm guitarist in 1962? (First Name only) David
59%
Hard What was the original band title of The Beach Boys? The Pendletones
55%
Easy Which Beach Boys song features the Chuck Berry riff from songs like 'Johnny B. Goode' and 'Back In The U.S.A.' etc.? Fun, Fun, Fun
52%
Medium Which popular Beach Boys song featured Dean Torrence of the surf duo 'Jan and Dean' on the off-key high part? Barbara Ann
45%
Expert What was the name ten and a half minute "disco" Beach Boys song that was on 'L.A. (Light Album)'? It was originally on the album 'Wild Honey'. Here Comes The Night
43%
Hard First name of The Wilson Brothers' mother? (Make sure to spell it right!) Audree
38%
Hard Which Beach Boys song was solely inspired by 'Ticket to Ride' by The Beatles? Girl Don't Tell Me
30%
Expert Which semi-popular band was The Beach Boys song 'Darlin' originally written for? Three Dog Night
28%
Hard Song Lyric: "She's candy apple red with a ___ for a wheel" Ski
27%
Expert Beach Boy Al Jardine had a pet ______ named Ping Pong. Monkey
22%
Expert Why did Brian Wilson go deaf in one ear? (Name of the item that deafened him) 2x4 / Two by Four
20%
Expert Song Lyric: What kind of love does Carl Wilson want? (Song featured in 1978 M.I.U. Album) Sweet Sunday
20%
No matching quizzes found
Score Distribution
Percent of People with Each Score
Percentile by Number Answered
Your Score History
You have not taken this quiz